Museu d'Història de Catalunya : la memòria d'un país / coordinació: Marina Miquel la memòria d'un país / coordinació:
Descripción Física:
31 p. : il. ; 24 x 24 cm
Otros Autores:
Miquel i Vives, Marina, coord
Materias:
Museu d'Història de Catalunya
MARC
| LEADER | 00000nam a2200000Ia 4500 | ||
|---|---|---|---|
| 001 | 14500 | ||
| 008 | 160829s2001 xx 000 0 cat d | ||
| 080 | |a FU-22-29 | ||
| 245 | |a Museu d'Història de Catalunya : |b la memòria d'un país / coordinació: |b Marina Miquel | ||
| 260 | |a Barcelona : |b Museu d'Història de Catalunya, |c 2001 | ||
| 300 | |a 31 p. : |b il. ; |c 24 x 24 cm | ||
| 610 | 2 | 0 | |a Museu d'Història de Catalunya |9 52961 |
| 700 | |a Miquel i Vives, Marina, coord. |9 22473 | ||
| 901 | |a Arxiu | ||
| 942 | |n 1 | ||
| 952 | |0 0 |1 0 |4 0 |6 FU2229 |7 1 |9 42232 |a Arxiu |b Arxiu |d 2016-12-01 |l 0 |o FU-22-29 |p 14500 |r 2016-12-01 00:00:00 |w 2016-12-01 |y ARXIU | ||
| 999 | |c 44679 |d 44679 | ||